incorporation of sustainability Considerations in PPP Projects ; An Exploratory study of Risk / (Record no. 525793)

000 -LEADER
fixed length control field 00727nam a22002057a 4500
003 - CONTROL NUMBER IDENTIFIER
control field NUST
005 - DATE AND TIME OF LATEST TRANSACTION
control field 20221128120243.0
008 - FIXED-LENGTH DATA ELEMENTS--GENERAL INFORMATION
fixed length control field 190704b ||||| |||| 00| 0 eng d
038 ## - RECORD CONTENT LICENSOR
Staff Name Attaullah.
082 ## - DEWEY DECIMAL CLASSIFICATION NUMBER
Classification number 624.1
100 ## - MAIN ENTRY--PERSONAL NAME
Personal name Bakhtawar, Beenish
9 (RLIN) 16735
245 ## - TITLE STATEMENT
Title incorporation of sustainability Considerations in PPP Projects ; An Exploratory study of Risk /
Statement of responsibility, etc. Beenish Bakhtawar.
260 ## - PUBLICATION, DISTRIBUTION, ETC.
Place of publication, distribution, etc. Islamabad :
Name of publisher, distributor, etc. NIT - SCEE - NUST,
Date of publication, distribution, etc. 2018.
300 ## - PHYSICAL DESCRIPTION
Extent xi, 64 p. : ill. ;
Dimensions 30cm.
500 ## - GENERAL NOTE
General note Hard Cover.
650 ## - SUBJECT ADDED ENTRY--TOPICAL TERM
Topical term or geographic name entry element Construction Engineering & Management - MS Thesis.
9 (RLIN) 16077
700 ## - ADDED ENTRY--PERSONAL NAME
Personal name Dr. Muhammad Jamaluddin Thaheem.
9 (RLIN) 16295
856 ## - ELECTRONIC LOCATION AND ACCESS
Uniform Resource Identifier <a href="http://10.250.8.41:8080/xmlui/handle/123456789/3871">http://10.250.8.41:8080/xmlui/handle/123456789/3871</a>
942 ## - ADDED ENTRY ELEMENTS (KOHA)
Source of classification or shelving scheme
Koha item type Thesis
Holdings
Withdrawn status Lost status Source of classification or shelving scheme Damaged status Not for loan Permanent Location Current Location Shelving location Date acquired Total Checkouts Full call number Barcode Date last seen Price effective from Koha item type
          Central Library (CL) Central Library (CL) Thesis 07/04/2019   624.1 CL-T-1981 07/05/2019 07/04/2019 Thesis
© 2023 Central Library, National University of Sciences and Technology. All Rights Reserved.